[Event "18th EUR-ch (w)"]
[Site "Riga LAT"]
[Date "2017.04.12"]
[Round "2.27"]
[White "Hoang Thanh Trang"]
[Black "Calzetta Ruiz, Monica"]
[Result "1/2-1/2"]
[WhiteElo "2459"]
[BlackElo "2257"]
[EventDate "2017.04.11"]
[PlyCount "112"]

1.d4 Nf6 2.c4 g6 3.Nc3 Bg7 4.e4 d6 5.Be2 O-O 6.Bg5 c5 7.d5 e6 8.Qd2 exd5 
9.exd5 Qb6 10.Nf3 Bf5 11.O-O Ne4 12.Nxe4 Bxe4 13.Rae1 Nd7 14.Bd1 Bxf3 15.
Bxf3 Rfe8 16.b3 a5 17.Rxe8+ Rxe8 18.Re1 Ne5 19.Bd1 h6 20.Be3 Qb4 21.Kf1 
Nd7 22.Qc1 Qc3 23.Bc2 a4 24.Re2 axb3 25.Bxb3 Qxc1+ 26.Bxc1 Rxe2 27.Kxe2 f5
28.Ba4 Ne5 29.Bb5 Kf7 30.h3 Ke7 31.a4 b6 32.Ba6 Nf7 33.g4 fxg4 34.hxg4 g5 
35.f3 Be5 36.Kd3 Kf6 37.Bd2 Bd4 38.Ke4 Ne5 39.Be1 Bb2 40.Bg3 Kg6 41.Be1 
Kf6 42.a5 bxa5 43.Bxa5 Ke7 44.Be1 Kf6 45.Bg3 Bd4 46.f4 gxf4 47.Bxf4 Nf7 
48.Bc8 Be5 49.Bd2 Ng5+ 50.Kd3 Bd4 51.Ba5 Ke7 52.Kc2 Nf3 53.Kb3 Be3 54.Bc3 
Bd4 55.Ba5 Be3 56.Bc3 Bd4 1/2-1/2

[Event "18th EUR-ch (w)"]
[Site "Riga LAT"]
[Date "2017.04.12"]
[Round "2.28"]
[White "Sandu, Mihaela"]
[Black "Cramling, Pia"]
[Result "1/2-1/2"]
[WhiteElo "2261"]
[BlackElo "2452"]
[EventDate "2017.04.11"]
[PlyCount "108"]

1.e4 c5 2.Nf3 e6 3.d4 cxd4 4.Nxd4 a6 5.Nc3 Qc7 6.Bd3 Nf6 7.f4 d6 8.O-O 
Nbd7 9.Qf3 b5 10.Bd2 Bb7 11.Rae1 Be7 12.Kh1 Nc5 13.b4 Nxd3 14.cxd3 O-O 15.
Qg3 Rfd8 16.Nce2 Bf8 17.Rc1 Qd7 18.Bc3 Rac8 19.Nf3 Qe7 20.Ned4 Rd7 21.Bb2 
Rdc7 22.Rxc7 Rxc7 23.a3 Bc8 24.h3 g6 25.Qf2 Bg7 26.Nb3 Bb7 27.Bd4 Nh5 28.
Bxg7 Kxg7 29.Nfd2 e5 30.fxe5 Qxe5 31.Kg1 Bc8 32.Nf3 Qg3 33.Rc1 Rxc1+ 34.
Nxc1 Qxf2+ 35.Kxf2 Kf6 36.Ne2 Ke7 37.Ke3 Bb7 38.Nc3 Ng7 39.d4 f5 40.e5 
dxe5 41.dxe5 Ne6 42.Ne2 Nd8 43.h4 Nc6 44.g3 a5 45.Ned4 axb4 46.Nxc6+ Bxc6 
47.Nd4 bxa3 48.Nxc6+ Ke6 49.Kf4 a2 50.Nd4+ Ke7 51.Nb3 Ke6 52.Nd4+ Ke7 53.
Nb3 Ke6 54.Nd4+ Ke7 1/2-1/2

[Event "18th EUR-ch (w)"]
[Site "Riga LAT"]
[Date "2017.04.12"]
[Round "2.29"]
[White "Bodnaruk, Anastasia"]
[Black "Sedina, Elena"]
[Result "1/2-1/2"]
[WhiteElo "2446"]
[BlackElo "2253"]
[EventDate "2017.04.11"]
[PlyCount "76"]

1.e4 e6 2.d4 d5 3.Nc3 Bb4 4.e5 c5 5.a3 Bxc3+ 6.bxc3 Ne7 7.Qg4 Qc7 8.Qxg7 
Rg8 9.Qxh7 cxd4 10.Ne2 Nbc6 11.f4 dxc3 12.h4 d4 13.h5 Bd7 14.Qd3 O-O-O 15.
h6 Kb8 16.h7 Rh8 17.Rh6 Bc8 18.g4 b6 19.Ng3 Bb7 20.Ne4 Ng6 21.Ng5 Ka8 22.
Bg2 Na5 23.Be4 Bxe4 24.Nxe4 Nc4 25.Nf2 Nb2 26.Qe4+ Kb8 27.Kf1 Ne7 28.Rh3 
Qc4+ 29.Qe2 Qa4 30.Ne4 Nc4 31.Rb1 Nd5 32.Nc5 Nd2+ 33.Bxd2 Qxc2 34.Na6+ Kb7
35.Nc5+ Kb8 36.Na6+ Kb7 37.Nc5+ Kb8 38.Na6+ Kb7 1/2-1/2

[Event "18th EUR-ch (w)"]
[Site "Riga LAT"]
[Date "2017.04.12"]
[Round "2.31"]
[White "Mkrtchian, Lilit"]
[Black "Drljevic, Ljilja"]
[Result "1/2-1/2"]
[WhiteElo "2425"]
[BlackElo "2237"]
[EventDate "2017.04.11"]
[PlyCount "39"]

1.d4 g6 2.c4 Bg7 3.Nc3 d6 4.e4 Nf6 5.h3 O-O 6.Bg5 c6 7.Nf3 e5 8.d5 Na6 9.
Be2 h6 10.Be3 Nc5 11.Nd2 a5 12.g4 Bd7 13.h4 Nh7 14.Nf1 a4 15.Ng3 Qa5 16.
Bd2 Qd8 17.Be3 Qa5 18.Bd2 Qd8 19.Be3 Qa5 20.Bd2 1/2-1/2

[Event "18th EUR-ch (w)"]
[Site "Riga LAT"]
[Date "2017.04.12"]
[Round "2.34"]
[White "Gueci, Tea"]
[Black "Szczepkowska, Karina"]
[Result "1-0"]
[WhiteElo "2132"]
[BlackElo "2414"]
[EventDate "2017.04.11"]
[PlyCount "145"]

1.e4 e5 2.Nf3 Nc6 3.Bb5 a6 4.Ba4 Nf6 5.Qe2 b5 6.Bb3 Be7 7.c3 O-O 8.O-O d5 
9.d3 Re8 10.h3 h6 11.Nbd2 Bf8 12.Re1 Bb7 13.Nf1 Na5 14.Bc2 c5 15.Ng3 g6 
16.Bd2 Nc6 17.Nh2 d4 18.Rad1 dxc3 19.bxc3 Bc8 20.Be3 Be6 21.Bb3 Qe7 22.Nf3
Rad8 23.Qb2 Bc8 24.d4 exd4 25.cxd4 c4 26.Bc2 Bg7 27.Qc1 Kh7 28.a3 Na5 29.
Bd2 Qc7 30.Bc3 Nb7 31.Qb2 Nd7 32.a4 bxa4 33.Bxa4 Re6 34.Bc2 Ree8 35.Ra1 
Re6 36.h4 Rb6 37.Qa2 Nf8 38.h5 Bg4 39.hxg6+ fxg6 40.Nh2 Be6 41.e5 Bd5 42.
f4 Kh8 43.f5 gxf5 44.Nxf5 Ne6 45.Ng4 Nf4 46.Nge3 Be6 47.Be4 Rg8 48.g3 Nh3+
49.Kh2 Ng5 50.Bg2 Qf7 51.Rf1 Qh5+ 52.Nh4 Rb3 53.Qc2 Bf8 54.d5 Nc5 55.dxe6 
Rxc3 56.Qxc3 Nge4 57.Bxe4 Nxe4 58.Qxc4 Nxg3 59.Qf4 Be7 60.Ng2 Rg4 61.Qxg3 
Rxg3 62.Kxg3 Qxe5+ 63.Nf4 Kh7 64.Ng6 Qc3+ 65.Kg4 Bd6 66.Rad1 h5+ 67.Kxh5 
Qc5+ 68.Rd5 Qa3 69.Kg4 Kg7 70.Rfd1 Bxf4 71.Nxf4 Qa2 72.e7 Kf7 73.Re1 1-0

[Event "18th EUR-ch (w)"]
[Site "Riga LAT"]
[Date "2017.04.12"]
[Round "2.43"]
[White "Badelka, Olga"]
[Black "Olde, Margareth"]
[Result "1-0"]
[WhiteElo "2362"]
[BlackElo "2110"]
[EventDate "2017.04.11"]
[PlyCount "115"]

1.d4 d5 2.c4 e6 3.Nc3 Be7 4.cxd5 exd5 5.Bf4 c6 6.Qc2 Bd6 7.Bxd6 Qxd6 8.e3 
Ne7 9.Bd3 b6 10.Nf3 Ba6 11.O-O-O Bxd3 12.Qxd3 Nd7 13.h4 a5 14.Kb1 b5 15.e4
O-O 16.e5 Qg6 17.Qxg6 Nxg6 18.a4 bxa4 19.Kc2 Rfb8 20.Ra1 Rb4 21.Rxa4 Nb6 
22.Rxb4 axb4 23.Ne2 Nc4 24.Kb3 Ra5 25.h5 Nf8 26.Nf4 Rb5 27.Ra1 Na5+ 28.Kc2
h6 29.b3 Ne6 30.Nxe6 fxe6 31.Kb2 Kf7 32.g4 c5 33.dxc5 Rxc5 34.Nd4 Nc6 35.
Nxc6 Rxc6 36.Rc1 Rxc1 37.Kxc1 g6 38.Kd2 gxh5 39.gxh5 Ke7 40.Kd3 Kd7 41.Kd4
Kc6 42.f4 Kb6 43.f5 exf5 44.Kxd5 Kc7 45.Kc5 Kd7 46.Kxb4 Ke6 47.Kc5 Kxe5 
48.b4 f4 49.b5 f3 50.b6 f2 51.b7 f1=Q 52.b8=Q+ Ke4 53.Qe8+ Kf3 54.Qf8+ Ke2
55.Qxf1+ Kxf1 56.Kd4 Ke2 57.Ke4 Kd2 58.Kf5 1-0

[Event "18th EUR-ch (w)"]
[Site "Riga LAT"]
[Date "2017.04.12"]
[Round "2.49"]
[White "Arda, Cagil Irmak"]
[Black "Kashlinskaya, Alina"]
[Result "0-1"]
[WhiteElo "2089"]
[BlackElo "2426"]
[EventDate "2017.04.11"]
[PlyCount "98"]

1.e4 c5 2.Nf3 d6 3.Bb5+ Nd7 4.O-O a6 5.Bd3 Ngf6 6.Re1 b5 7.c4 bxc4 8.Bxc4 
Nb6 9.Bf1 e5 10.h3 Be7 11.Nc3 O-O 12.d3 h6 13.Nd2 Be6 14.Nc4 Nbd7 15.f4 
exf4 16.Bxf4 d5 17.Nd6 Nb6 18.Nf5 Bxf5 19.exf5 d4 20.Ne4 Nbd5 21.Bd2 Rb8 
22.b3 a5 23.Rc1 Nd7 24.Qg4 Kh8 25.Qh5 N7f6 26.Qd1 Rc8 27.Rc4 Nb4 28.a3 
Nbd5 29.Qc1 Qd7 30.g4 Qa7 31.Bg2 Kg8 32.Nxf6+ Nxf6 33.g5 hxg5 34.Bxg5 Rfe8
35.Qf4 Nh5 36.Qh4 Bxg5 37.Rxe8+ Rxe8 38.Qxg5 Nf6 39.Be4 Qb6 40.Rc2 Nxe4 
41.dxe4 Qxb3 42.Rg2 Qe3+ 43.Kf1 Qxg5 44.Rxg5 f6 45.Rg4 Kf7 46.Ke2 c4 47.
Kd2 Rb8 48.Rg3 Rb2+ 49.Kc1 Rb3 0-1

[Event "18th EUR-ch (w)"]
[Site "Riga LAT"]
[Date "2017.04.12"]
[Round "2.51"]
[White "Grapsa, Georgia"]
[Black "Nechaeva, Marina"]
[Result "0-1"]
[WhiteElo "2049"]
[BlackElo "2395"]
[EventDate "2017.04.11"]
[PlyCount "70"]

1.d4 d5 2.Nf3 Nf6 3.c4 c6 4.Qc2 dxc4 5.Qxc4 Bg4 6.Nc3 Nbd7 7.Qb3 Qb6 8.e4 
Bxf3 9.gxf3 e5 10.Be3 exd4 11.Qxb6 axb6 12.Bxd4 Bc5 13.O-O-O Bxd4 14.Rxd4 
Nc5 15.e5 Nh5 16.Bh3 Rxa2 17.Kc2 Ra8 18.Rhd1 g6 19.b4 Ne6 20.Rd7 Rb8 21.
Ne4 O-O 22.Rxf7 Kxf7 23.Rd7+ Kg8 24.Bxe6+ Kh8 25.Ng5 Ng7 26.Nf7+ Kg8 27.
Bb3 b5 28.Ng5+ Kh8 29.Nf7+ Kg8 30.Nd6+ Kh8 31.e6 Nxe6 32.Bxe6 Rf4 33.Nf7+ 
Kg7 34.Ng5+ Kf6 35.Rf7+ Kxg5 0-1

[Event "18th EUR-ch (w)"]
[Site "Riga LAT"]
[Date "2017.04.12"]
[Round "2.52"]
[White "Unuk, Laura"]
[Black "Krumina, Linda"]
[Result "1-0"]
[WhiteElo "2275"]
[BlackElo "2090"]
[EventDate "2017.04.11"]
[PlyCount "83"]

1.d4 d5 2.c4 c6 3.Nf3 Nf6 4.e3 Bg4 5.h3 Bh5 6.Nc3 e6 7.Qb3 Qc7 8.Nh4 Be7 
9.g4 Ne4 10.Nxe4 dxe4 11.Ng2 Bg6 12.Nf4 Bh4 13.Bg2 Nd7 14.Bd2 O-O 15.O-O-O
Nf6 16.Rhf1 b5 17.c5 e5 18.Nxg6 hxg6 19.Bc3 exd4 20.Bxd4 Rfe8 21.Kb1 a5 
22.f4 exf3 23.Bxf3 Re6 24.Qc2 Rae8 25.Qg2 Ne4 26.Rd3 b4 27.Bd1 R6e7 28.Bb3
Qa7 29.Qc2 Ra8 30.Rdd1 a4 31.Bxf7+ Kh7 32.Bc4 b3 33.Qg2 Nxc5 34.Qxc6 Rc7 
35.Qd5 bxa2+ 36.Kxa2 Qa5 37.Rf7 Rxf7 38.Qxf7 Ra7 39.Qg8+ Kh6 40.Qh8+ Kg5 
41.Bc3 Qc7 42.Rd5+ 1-0

[Event "18th EUR-ch (w)"]
[Site "Riga LAT"]
[Date "2017.04.12"]
[Round "2.54"]
[White "Golubenko, Valentina"]
[Black "Azimova, Karina"]
[Result "1-0"]
[WhiteElo "2271"]
[BlackElo "2072"]
[EventDate "2017.04.11"]
[PlyCount "83"]

1.Nf3 d5 2.d4 e6 3.c4 dxc4 4.Nc3 a6 5.a4 Nc6 6.e3 Na5 7.Ne5 Nf6 8.Nxc4 c5 
9.Be2 Be7 10.O-O O-O 11.Nxa5 Qxa5 12.Bf3 Rd8 13.Bd2 Qc7 14.dxc5 Bxc5 15.
Rc1 Qd6 16.Qc2 Ba7 17.Rfd1 Rb8 18.Ne4 Nxe4 19.Ba5 b6 20.Rxd6 Nxd6 21.Bb4 
Ne8 22.Be7 Rd7 23.Bg5 Bb7 24.Bf4 Rc8 25.Qxc8 Bxc8 26.Rxc8 Kf8 27.h3 Ke7 
28.Ra8 Nd6 29.e4 b5 30.e5 Nc4 31.Bc6 Nb6 32.Rg8 Rd1+ 33.Kh2 Nd7 34.Bg5+ f6
35.Rxg7+ Kf8 36.Bh6 Ke8 37.exf6 Bc5 38.f7+ Kd8 39.Bxd7 Rxd7 40.f8=Q+ Bxf8 
41.Rxd7+ Kxd7 42.Bxf8 1-0

[Event "18th EUR-ch (w)"]
[Site "Riga LAT"]
[Date "2017.04.12"]
[Round "2.55"]
[White "Heinatz, Maria"]
[Black "Mamedyarova, Turkan"]
[Result "0-1"]
[WhiteElo "1990"]
[BlackElo "2267"]
[EventDate "2017.04.11"]
[PlyCount "42"]

1.e4 e5 2.Nf3 Nf6 3.Nc3 Bb4 4.d3 Nc6 5.Bg5 h6 6.Bh4 g5 7.Bg3 Qe7 8.Be2 d5 
9.Nd2 Bxc3 10.bxc3 dxe4 11.dxe4 Qc5 12.c4 Be6 13.c3 O-O-O 14.Qc2 Rxd2 15.
Kxd2 Bxc4 16.Rhe1 Rd8+ 17.Kc1 Qa3+ 18.Kb1 Nxe4 19.Bg4+ Kb8 20.Qb2 Nxc3+ 
21.Kc1 Nxa2+ 0-1

[Event "18th EUR-ch (w)"]
[Site "Riga LAT"]
[Date "2017.04.12"]
[Round "2.56"]
[White "Zaksaite, Salomeja"]
[Black "Narva, Regina"]
[Result "1-0"]
[WhiteElo "2262"]
[BlackElo "2000"]
[EventDate "2017.04.11"]
[PlyCount "45"]

1.e4 d6 2.d4 g6 3.Nc3 Bg7 4.Be3 Nf6 5.Nf3 c6 6.h3 Qa5 7.Bd3 O-O 8.O-O b5 
9.e5 Ne8 10.Re1 b4 11.Ne4 f5 12.exf6 Nxf6 13.Nxf6+ Bxf6 14.Bh6 Re8 15.Bc4+
d5 16.Bd3 c5 17.Ne5 cxd4 18.Nxg6 Nc6 19.Qh5 Bd7 20.Ne5 Nxe5 21.Rxe5 Bxe5 
22.Qxe5 Kf7 23.Re1 1-0

[Event "18th EUR-ch (w)"]
[Site "Riga LAT"]
[Date "2017.04.12"]
[Round "2.58"]
[White "Kazarian, Anna-Maja"]
[Black "Limanovska, Elizabete"]
[Result "1-0"]
[WhiteElo "2257"]
[BlackElo "1990"]
[EventDate "2017.04.11"]
[PlyCount "71"]

1.e4 c5 2.Nf3 d6 3.d4 cxd4 4.Nxd4 Nf6 5.Nc3 a6 6.Be2 e6 7.Be3 Be7 8.O-O 
O-O 9.f4 Nc6 10.Nb3 b5 11.a3 Bb7 12.Bf3 Nd7 13.Nd4 Rc8 14.f5 Nxd4 15.Bxd4 
e5 16.Be3 Nb6 17.Qd3 Nc4 18.Bc1 Bg5 19.Bxg5 Qxg5 20.Nd1 Rfd8 21.Rf2 Qe7 
22.f6 gxf6 23.Bg4 Rc5 24.Bf5 Bc8 25.b3 Nb6 26.Qg3+ Kh8 27.Ne3 Rg8 28.Qh4 
Bxf5 29.Nxf5 Qe6 30.Rd1 d5 31.Rd3 Nd7 32.Qxh7+ Kxh7 33.Rh3+ Kg6 34.Rh6+ 
Kg5 35.h4+ Kg4 36.Ne3+ 1-0

[Event "18th EUR-ch (w)"]
[Site "Riga LAT"]
[Date "2017.04.12"]
[Round "2.59"]
[White "Ivanenko, Olga"]
[Black "Harlinska, Sandra"]
[Result "1-0"]
[WhiteElo "2252"]
[BlackElo "1881"]
[EventDate "2017.04.11"]
[PlyCount "83"]

1.e4 c6 2.d4 d5 3.exd5 cxd5 4.c4 Nf6 5.Nc3 g6 6.Qb3 Bg7 7.cxd5 O-O 8.Nge2 
Na6 9.Nf4 Nc7 10.Be2 Rb8 11.a4 b6 12.O-O Bb7 13.Bf3 g5 14.Nh5 Nxh5 15.Bxh5
Nxd5 16.Bxg5 Nf6 17.Qd1 Nxh5 18.Qxh5 Qxd4 19.Bxe7 Rfe8 20.Rfe1 Qd7 21.Qg5 
Qc6 22.Nb5 h6 23.Qg3 Kh7 24.Nd6 Bxb2 25.Nxe8 Bxa1 26.Bf6 Qxg2+ 27.Qxg2 
Bxg2 28.Kxg2 Rxe8 29.Rxa1 Kg6 30.Bd4 Re4 31.Be3 Rb4 32.a5 h5 33.axb6 axb6 
34.Ra6 Kf5 35.Rxb6 Rg4+ 36.Kf3 Rh4 37.Rb5+ Kg6 38.Bf4 Rh3+ 39.Bg3 h4 40.
Kg2 hxg3 41.Kxh3 gxf2 42.Kg2 1-0

[Event "18th EUR-ch (w)"]
[Site "Riga LAT"]
[Date "2017.04.12"]
[Round "2.60"]
[White "Gundogan, Sinem Cagla"]
[Black "Narva, Mai"]
[Result "1-0"]
[WhiteElo "1885"]
[BlackElo "2249"]
[EventDate "2017.04.11"]
[PlyCount "67"]

1.e4 c5 2.Nc3 a6 3.g3 b5 4.Bg2 Bb7 5.d3 e6 6.f4 b4 7.Nb1 d5 8.Nd2 Nc6 9.
Ngf3 Nge7 10.O-O Ng6 11.f5 exf5 12.exf5 Nge7 13.Qe1 Qb6 14.c4 O-O-O 15.Ng5
Nd4 16.Nxf7 Nc2 17.Qf2 Nxa1 18.Nxh8 Qf6 19.Nf3 h6 20.Bf4 Nxf5 21.Bh3 g5 
22.Be5 Qe6 23.Nxg5 Qxe5 24.Bxf5+ Kb8 25.Ngf7 Qe7 26.Nxd8 Qxd8 27.Rxa1 Bg7 
28.Qf4+ Ka7 29.Ng6 Bxb2 30.Re1 dxc4 31.Qxc4 Bd4+ 32.Kf1 Qg5 33.Qf7 Qh5 34.
Bc8 1-0

[Event "18th EUR-ch (w)"]
[Site "Riga LAT"]
[Date "2017.04.12"]
[Round "2.61"]
[White "Maklakova, Nellija"]
[Black "Abdulla, Khayala"]
[Result "0-1"]
[WhiteElo "1829"]
[BlackElo "2241"]
[EventDate "2017.04.11"]
[PlyCount "38"]

1.e4 c5 2.Nf3 a6 3.d4 cxd4 4.Nxd4 Nf6 5.Bd3 Nc6 6.Nxc6 bxc6 7.O-O e5 8.b3 
Bc5 9.Bb2 d6 10.h3 O-O 11.Nd2 Re8 12.Nf3 Qc7 13.c4 Nh5 14.b4 Ba7 15.Rc1 
Nf4 16.Bb1 Qd7 17.c5 Nxg2 18.Qxd6 Qxh3 19.Rc3 Nf4 0-1

[Event "18th EUR-ch (w)"]
[Site "Riga LAT"]
[Date "2017.04.12"]
[Round "2.62"]
[White "Mammadova, Narmin"]
[Black "Vainovska, Valentina"]
[Result "1-0"]
[WhiteElo "2240"]
[BlackElo "1792"]
[EventDate "2017.04.11"]
[PlyCount "79"]

1.e4 e5 2.Nf3 Qe7 3.Nc3 c6 4.Be2 g6 5.d4 d6 6.O-O Bg7 7.dxe5 dxe5 8.Bg5 
Nf6 9.Qc1 h6 10.Be3 Ng4 11.Bd2 Nd7 12.b4 Ngf6 13.Rb1 Nb6 14.Be3 Nbd7 15.a4
Ng4 16.Bd2 Nf8 17.h3 Nf6 18.Be3 Qc7 19.b5 Ne6 20.b6 axb6 21.Bxb6 Qb8 22.
Qa3 Bf8 23.Qb2 Bd6 24.Be3 Qc7 25.Rfd1 Qe7 26.Rxd6 Qxd6 27.Rd1 Qc7 28.Bb6 
Qb8 29.Qb4 Nd7 30.Be3 Qc7 31.Bc4 Qa5 32.Qa3 b5 33.Bxe6 fxe6 34.Qb3 Kf7 35.
axb5 Rb8 36.Rd6 Re8 37.Rxc6 g5 38.Kh2 Kf6 39.Rd6 Qc7 40.Nd5+ 1-0

[Event "18th EUR-ch (w)"]
[Site "Riga LAT"]
[Date "2017.04.12"]
[Round "2.63"]
[White "Kantane, Anna"]
[Black "Ristoja, Aulikki"]
[Result "1-0"]
[WhiteElo "2230"]
[BlackElo "1716"]
[EventDate "2017.04.11"]
[PlyCount "45"]

1.e4 d5 2.exd5 Qxd5 3.Nc3 Qa5 4.d4 Bf5 5.Bd2 c6 6.Bc4 e6 7.g4 Bg6 8.Qe2 
Be7 9.O-O-O Qc7 10.f4 h5 11.f5 exf5 12.gxf5 Bxf5 13.Nf3 Bg4 14.h3 Bxf3 15.
Qxf3 Nf6 16.Bf4 Qd8 17.d5 Nfd7 18.dxc6 Nxc6 19.Bxf7+ Kf8 20.Be6 Ke8 21.
Bxd7+ Qxd7 22.Rxd7 Kxd7 23.Rd1+ 1-0

[Event "18th EUR-ch (w)"]
[Site "Riga LAT"]
[Date "2017.04.12"]
[Round "2.64"]
[White "Zvereva, Margarita"]
[Black "Toma, Katarzyna"]
[Result "1/2-1/2"]
[WhiteElo "1771"]
[BlackElo "2229"]
[EventDate "2017.04.11"]
[PlyCount "108"]

1.e4 e5 2.Nf3 Nc6 3.Bb5 Nge7 4.O-O a6 5.Ba4 g6 6.c3 Bg7 7.d4 exd4 8.cxd4 
b5 9.Bc2 d5 10.exd5 Nxd5 11.Bg5 f6 12.Bd2 O-O 13.Nc3 Nce7 14.Bb3 Kh8 15.
Ne4 Bf5 16.Nc5 g5 17.Bc2 Qd6 18.Re1 Rae8 19.Bxf5 Nxf5 20.Qc2 Nh6 21.a4 Re7
22.Rxe7 Nxe7 23.Re1 Nef5 24.Bc3 g4 25.Nd2 bxa4 26.Qxa4 Nh4 27.Qd7 f5 28.
Qxd6 cxd6 29.Nxa6 f4 30.d5 Bxc3 31.bxc3 f3 32.g3 N4f5 33.Nb4 Nf7 34.Nd3 
Ra8 35.h3 Ra2 36.Rd1 h5 37.h4 Rc2 38.Ne4 Kh7 39.Rc1 Re2 40.Re1 Ne5 41.Ng5+
Kg8 42.Rd1 Nxd3 43.Rxd3 Re1+ 44.Kh2 Kg7 45.Ne6+ Kf6 46.Nf4 Ng7 47.Rd4 Rc1 
48.Rd3 Rf1 49.Rd2 Kf5 50.Ra2 Ke5 51.Ra8 Rxf2+ 52.Kg1 Rc2 53.Rg8 Rc1+ 54.
Kf2 Rc2+ 1/2-1/2

[Event "18th EUR-ch (w)"]
[Site "Riga LAT"]
[Date "2017.04.12"]
[Round "2.65"]
[White "Balaian, Alina"]
[Black "Golsta, Madara"]
[Result "1-0"]
[WhiteElo "2229"]
[BlackElo "1619"]
[EventDate "2017.04.11"]
[PlyCount "81"]

1.e4 c5 2.Nf3 d6 3.c3 Nc6 4.d4 Nf6 5.d5 Ne5 6.Nxe5 dxe5 7.Bd3 g6 8.O-O Bg7
9.c4 O-O 10.Be3 Qc7 11.f3 Bd7 12.Nc3 Ne8 13.Qd2 Nd6 14.Rae1 Rfc8 15.Bf2 a6
16.Bg3 b5 17.b3 b4 18.Ne2 a5 19.f4 Ne8 20.fxe5 Bxe5 21.Bxe5 Qxe5 22.Qf4 
Qxf4 23.Nxf4 Ng7 24.e5 a4 25.e6 fxe6 26.dxe6 Bc6 27.Be4 axb3 28.axb3 g5 
29.Nd3 Bxe4 30.Rxe4 Ra3 31.Re5 Rxb3 32.Nxc5 Rc3 33.Rxg5 Rf8 34.Rd5 Rc8 35.
Rfd1 Rf8 36.Rd8 Nh5 37.R8d4 Nf4 38.Re4 Rc2 39.Kh1 Nd5 40.Nb3 h5 41.cxd5 
1-0

[Event "18th EUR-ch (w)"]
[Site "Riga LAT"]
[Date "2017.04.12"]
[Round "2.66"]
[White "Nikolajeva, Marija"]
[Black "Gevorgian, Maria"]
[Result "0-1"]
[WhiteElo "1673"]
[BlackElo "2227"]
[EventDate "2017.04.11"]
[PlyCount "64"]

1.d4 Nf6 2.Nf3 e6 3.e3 b6 4.Bd3 Bb7 5.Nbd2 c5 6.O-O Be7 7.b3 O-O 8.Bb2 d5 
9.Ne5 Ne4 10.f4 f6 11.Ng4 f5 12.Ne5 Nd7 13.Rf3 Nxe5 14.dxe5 Nxd2 15.Qxd2 
c4 16.Be2 d4 17.exd4 Bxf3 18.Bxf3 Rc8 19.c3 Kh8 20.b4 Qc7 21.a4 Rfd8 22.
Rc1 g5 23.g3 Rg8 24.Kh1 gxf4 25.gxf4 a5 26.b5 Rg6 27.Rg1 Rcg8 28.Rxg6 Rxg6
29.d5 Qc5 30.Bg2 exd5 31.Qxd5 Qf2 32.Qxc4 Qxg2# 0-1

[Event "18th EUR-ch (w)"]
[Site "Riga LAT"]
[Date "2017.04.12"]
[Round "2.67"]
[White "Norlamo, Sarabella"]
[Black "Lickrastina, Agnese"]
[Result "0-1"]
[WhiteElo "1619"]
[BlackElo "2223"]
[EventDate "2017.04.11"]
[PlyCount "132"]

1.Nf3 d5 2.d4 Nf6 3.e3 e6 4.Bd3 Bd6 5.Nbd2 O-O 6.O-O c5 7.b3 Nc6 8.a3 Qc7 
9.Bb2 cxd4 10.exd4 b6 11.Qe2 Bb7 12.Ne5 Ne7 13.f4 Rac8 14.Rf3 Ng6 15.Raf1 
Ne4 16.Rh3 Rfe8 17.Nxg6 hxg6 18.Qe3 Qe7 19.Nxe4 dxe4 20.Bxe4 Bxe4 21.Qxe4 
Bxa3 22.Bxa3 Qxa3 23.c4 a5 24.Qe1 Qe7 25.Qf2 Red8 26.Re1 Qf6 27.Rd1 a4 28.
Rhd3 axb3 29.Rxb3 Rxc4 30.Rxb6 Rdxd4 31.Rb8+ Kh7 32.Qe2 Qxf4 33.Rbb1 Re4 
34.Qd2 Qe5 35.Re1 Rc2 36.Qd1 Qc5+ 37.Kh1 Qf2 38.Rg1 Rh4 39.Qd3 Rd2 40.Qc3 
Qf4 41.h3 Qd4 42.Qf3 Qe4 43.Qxe4 Rxe4 44.Rb7 Rf4 45.Kh2 Rff2 46.Kg3 g5 47.
Re7 Kg6 48.Ra7 e5 49.Ra6+ f6 50.Ra3 Rf4 51.Rc1 Rfd4 52.Rc7 Rd7 53.Rcc3 e4 
54.Ra8 R2d3+ 55.Rxd3 exd3 56.Ra1 Kf5 57.Kf3 d2 58.Rd1 g4+ 59.hxg4+ Kg5 60.
Ke2 Kxg4 61.Kf2 Kf4 62.g3+ Ke4 63.Ke2 f5 64.Kf2 Kd3 65.Kf3 Kc2 66.Ke2 Re7+
0-1

[Event "18th EUR-ch (w)"]
[Site "Riga LAT"]
[Date "2017.04.12"]
[Round "2.68"]
[White "Erneste, Inguna"]
[Black "Golsta, Ramona"]
[Result "1-0"]
[WhiteElo "2168"]
[BlackElo "1560"]
[EventDate "2017.04.11"]
[PlyCount "75"]

1.e4 c5 2.Nf3 Nc6 3.d4 cxd4 4.Nxd4 e5 5.Nb5 a6 6.Nd6+ Bxd6 7.Qxd6 Qe7 8.
Qc7 d5 9.Qxe7+ Ngxe7 10.exd5 Nxd5 11.c3 Bf5 12.Be2 O-O 13.O-O Rad8 14.g3 
e4 15.Nd2 Rfe8 16.Nc4 Bh3 17.Rd1 b5 18.Ne3 Nxe3 19.Bxe3 Ne5 20.a4 Nd3 21.
Rd2 Rd7 22.axb5 axb5 23.f3 Bf5 24.fxe4 Bxe4 25.Bd4 Ne5 26.Bxb5 Nf3+ 27.Kf2
Nxd2 28.Bxd7 Rd8 29.Ra7 Bd5 30.Bg4 h6 31.Rd7 Rxd7 32.Bxd7 Nb3 33.Ke3 Kf8 
34.Bb5 f6 35.c4 Bb7 36.Bb6 Ke7 37.Ba4 Na1 38.b4 1-0

[Event "18th EUR-ch (w)"]
[Site "Riga LAT"]
[Date "2017.04.12"]
[Round "2.69"]
[White "Atte, Rebeka"]
[Black "Petrenko, Svetlana"]
[Result "0-1"]
[WhiteElo "1498"]
[BlackElo "2136"]
[EventDate "2017.04.11"]
[PlyCount "80"]

1.c4 e5 2.g3 Nc6 3.Bg2 g6 4.Nc3 Bg7 5.Nf3 Nge7 6.O-O O-O 7.d3 d6 8.Bd2 Nd4
9.Nxd4 exd4 10.Ne4 h6 11.Bb4 f5 12.Nd2 c5 13.Ba3 a5 14.b3 g5 15.Rb1 Nc6 
16.Bb2 Qe7 17.a3 Bd7 18.Re1 f4 19.Ne4 Bg4 20.h3 Be6 21.e3 fxg3 22.fxg3 Qd7
23.Qh5 Ne5 24.Nf2 Rxf2 25.Kxf2 Nxd3+ 26.Kg1 Nxe1 27.Rxe1 Bf7 28.Qd1 d5 29.
cxd5 Bxd5 30.exd4 Bxg2 31.Kxg2 cxd4 32.Kh2 Re8 33.Rxe8+ Qxe8 34.Qf3 Qc6 
35.Qd3 b5 36.Ba1 Qc5 37.Bb2 Qe5 38.Qd2 Qe4 39.Qf2 Be5 40.Qd2 Qf3 0-1

[Event "18th EUR-ch (w)"]
[Site "Riga LAT"]
[Date "2017.04.12"]
[Round "2.70"]
[White "Caglar, Sila"]
[Black "Ni Mhuireagain, Eibhia"]
[Result "1-0"]
[WhiteElo "2093"]
[BlackElo "1496"]
[EventDate "2017.04.11"]
[PlyCount "107"]

1.e4 d5 2.exd5 Qxd5 3.Nc3 Qd6 4.d4 c6 5.Nf3 Bg4 6.Be3 Nd7 7.h3 Bh5 8.Be2 
e6 9.Qd2 Qc7 10.O-O-O Ngf6 11.g4 Bg6 12.Nh4 Bd6 13.Nxg6 hxg6 14.Kb1 Nb6 
15.g5 Nfd5 16.Ne4 Be7 17.c4 Nxe3 18.fxe3 O-O-O 19.Qa5 Kb8 20.Rdf1 Rdf8 21.
Rf3 f5 22.gxf6 gxf6 23.Rhf1 Qh2 24.R1f2 Qh1+ 25.Bf1 Nxc4 26.Qc3 Rxh3 27.
Rxh3 Qxe4+ 28.Qd3 Nd6 29.Rh7 Bd8 30.Rg7 g5 31.Rxg5 f5 32.Rg6 Qh4 33.Rfg2 
Qe1+ 34.Kc2 Re8 35.Be2 Qa5 36.a3 Ne4 37.Bf3 Nd6 38.Rh2 Bc7 39.Rhh6 e5 40.
dxe5 Qxe5 41.Rxd6 Bxd6 42.Rxd6 Qc5+ 43.Kd2 Qb6 44.Qd4 Qc7 45.Rd7 Qh2+ 46.
Be2 Rc8 47.Qb4 Rc7 48.Qf8+ Rc8 49.Qxf5 Qh8 50.Qf4+ Ka8 51.Qd4 Qe8 52.Ba6 
Rb8 53.Bxb7+ Rxb7 54.Rd8+ 1-0

[Event "18th EUR-ch (w)"]
[Site "Riga LAT"]
[Date "2017.04.12"]
[Round "2.71"]
[White "Ivanova, Katrina Telma"]
[Black "Vidruska, Renate"]
[Result "0-1"]
[WhiteElo "1340"]
[BlackElo "2093"]
[EventDate "2017.04.11"]
[PlyCount "118"]

1.e4 e5 2.Nf3 Nf6 3.Nxe5 d6 4.Nf3 Nxe4 5.c4 Be7 6.d4 d5 7.Bd3 c6 8.O-O Bg4
9.Re1 f5 10.h3 Bh5 11.a3 Nd7 12.Be2 O-O 13.Qb3 Qb6 14.Qxb6 Nxb6 15.c5 Nd7 
16.b4 Bf6 17.Bb2 Bxf3 18.Bxf3 Rfe8 19.Re2 a5 20.Bxe4 fxe4 21.Nd2 axb4 22.
axb4 Rxa1+ 23.Bxa1 Ra8 24.Bc3 Ra2 25.Kf1 Ra3 26.Nb1 Ra4 27.Rb2 Kf8 28.Ke2 
Ke8 29.Nd2 Nf8 30.g3 Ne6 31.Nb3 Kd7 32.Rb1 Ra3 33.Kd2 Nxd4 34.Bxd4 Bxd4 
35.Nxd4 Rd3+ 36.Ke2 Rxd4 37.Rb3 Rc4 38.Ke3 Ke6 39.f3 exf3 40.Kxf3 Ke5 41.
Ke3 Rc1 42.Kd2 Rc4 43.Kd3 Re4 44.Kd2 Kd4 45.Rf3 Re7 46.Rf4+ Ke5 47.h4 Ke6 
48.Kd3 Rf7 49.Rg4 g6 50.Ke3 Rf5 51.Kd3 Rf3+ 52.Kc2 Kf5 53.Rg5+ Kf6 54.Kd2 
h6 55.Rg4 Kf5 56.Rd4 Rxg3 57.Ke2 Rg4 58.Rd1 Rxb4 59.Rh1 Rc4 0-1

[Event "18th EUR-ch (w)"]
[Site "Riga LAT"]
[Date "2017.04.12"]
[Round "2.72"]
[White "Hapala, Elisabeth"]
[Black "Mieze, Natalja"]
[Result "1-0"]
[WhiteElo "2091"]
[BlackElo "1223"]
[EventDate "2017.04.11"]
[PlyCount "87"]

1.e4 c5 2.Nf3 e6 3.d4 cxd4 4.Nxd4 a6 5.Bd3 e5 6.Nf5 d6 7.Nc3 Be6 8.O-O Nf6
9.Bg5 Bxf5 10.exf5 d5 11.Re1 Nc6 12.f4 Bc5+ 13.Kh1 Bd4 14.fxe5 Bxe5 15.Bf4
Qd6 16.Qe2 O-O 17.Bxe5 Nxe5 18.Qxe5 Qxe5 19.Rxe5 Rae8 20.Rae1 Rxe5 21.Rxe5
Ng4 22.Re7 Nf2+ 23.Kg1 Nxd3 24.cxd3 d4 25.Ne2 Rd8 26.Nxd4 Kf8 27.Re4 b5 
28.Kf2 Rd5 29.Ke3 b4 30.g4 Rc5 31.Kd2 a5 32.Nb3 Rd5 33.d4 h6 34.Re5 Rd8 
35.Rxa5 Re8 36.Nc5 Rd8 37.Kd3 Re8 38.Ne4 Rb8 39.d5 b3 40.a3 Rc8 41.d6 Kg8 
42.d7 Rf8 43.Rc5 Kh7 44.Rc8 1-0

[Event "18th EUR-ch (w)"]
[Site "Riga LAT"]
[Date "2017.04.13"]
[Round "3.1"]
[White "Hoolt, Sarah"]
[Black "Muzychuk, Maria"]
[Result "1/2-1/2"]
[WhiteElo "2398"]
[BlackElo "2546"]
[EventDate "2017.04.11"]
[PlyCount "67"]

1.e4 c5 2.Nf3 d6 3.Bb5+ Nd7 4.d4 cxd4 5.Qxd4 a6 6.Be2 e5 7.Qe3 Ngf6 8.c4 
b6 9.Nc3 Bb7 10.O-O Nc5 11.Nd2 Ne6 12.Nd5 Nd4 13.Bd3 Be7 14.Nb3 Nxd5 15.
exd5 Nxb3 16.axb3 O-O 17.f4 exf4 18.Qh3 g6 19.Bxf4 Bf6 20.Qg3 Bxb2 21.Bxd6
Bxa1 22.Rxa1 Re8 23.Rf1 b5 24.Qf4 f6 25.h4 bxc4 26.bxc4 a5 27.h5 Ra6 28.
Bc7 Qe7 29.hxg6 hxg6 30.Bxg6 Qe3+ 31.Qf2 Qxf2+ 32.Kxf2 Rc8 33.d6 Rc6 34.d7
1/2-1/2